[Event "Quart de Poblet op 6th"]
[Site "Quart de Poblet"]
[Date "2018.09.01"]
[Round "8.5"]
[White "Galvan Cipriani, Viviana"]
[Black "Navarro Diaz, Carles"]
[Result "0-1"]
[WhiteElo "1928"]
[BlackElo "2077"]
[PlyCount "66"]
[EventDate "2018.08.27"]
[EventType "swiss"]
[EventRounds "9"]
[EventCountry "ESP"]
[SourceTitle "EXT 2024"]
[Source "ChessBase"]
[SourceDate "2023.10.10"]
[SourceVersion "1"]
[SourceVersionDate "2023.10.10"]
[SourceQuality "1"]

1. c4 Nf6 2. Nc3 g6 3. g3 Bg7 4. Bg2 0-0 5. e4 c5 6. Nge2 d6 7. d3 Nc6 8. a3 a6 9. Rb1 Rb8 10. b4 Nd4 11. 0-0 Bd7 12. h3 b5 13. Be3 Qc8 14. Kh2 Nxe2 15. Qxe2 cxb4 16. axb4 bxc4 17. dxc4 Ng4+ 18. hxg4 Bxc3 19. b5 axb5 20. cxb5 Bxg4 21. Qd3 Bf6 22. Ba7 Rb7 23. b6 e5 24. Qxd6 Kg7 25. Rfc1 Qa8 26. f4 Rd8 27. Qa3 h5 28. Rb5 h4 29. fxe5 Bg5 30. Rcb1 h3 31. Bf3 Rd2+ 32. Kh1 Rxa7 33. bxa7 Qxa7 0-1

[Event "Valencia Region-ch"]
[Site "Valencia"]
[Date "2016.10.08"]
[Round "2"]
[White "Navarro Diaz, Carles"]
[Black "Valmana Canto, Jaime"]
[Result "0-1"]
[WhiteElo "2090"]
[BlackElo "2399"]
[PlyCount "86"]
[EventDate "2016.10.01"]
[EventType "swiss"]
[EventRounds "7"]
[EventCountry "ESP"]
[SourceTitle "EXT 2024"]
[Source "ChessBase"]
[SourceDate "2023.10.10"]
[SourceVersion "1"]
[SourceVersionDate "2023.10.10"]
[SourceQuality "1"]

1. d4 Nf6 2. Nf3 g6 3. c4 Bg7 4. Nc3 0-0 5. e4 d6 6. Be2 e5 7. 0-0 Nc6 8. d5 Ne7 9. Ne1 Nd7 10. Be3 f5 11. f3 f4 12. Bf2 g5 13. Nd3 Nf6 14. c5 Ng6 15. a4 Rf7 16. a5 h5 17. cxd6 cxd6 18. Nb5 g4 19. Bxa7 g3 20. Bb6 gxh2+ 21. Kh1 Qf8 22. Rc1 Ne8 23. Rc3 Bf6 24. Qc2 Bd7 25. Ne1 h4 26. Nc7 Nxc7 27. Rxc7 h3 28. Rxb7 Bh4 29. Rxd7 Rxd7 30. gxh3 Bxe1 31. Rxe1 Rc8 32. Qa4 Rg7 33. Ra1 Nh4 34. Qd1 Rg2 35. a6 Qg7 36. Qf1 Qg3 37. a7 Ra8 38. Qe1 Qxh3 39. Bf1 Rg1+ 40. Bxg1 hxg1Q+ 41. Kxg1 Nxf3+ 42. Kf2 Qg3+ 43. Ke2 Nxe1 0-1

[Event "Valencia Region-ch"]
[Site "Valencia"]
[Date "2016.10.01"]
[Round "1"]
[White "Bixquert Jimenez, Francisco"]
[Black "Navarro Diaz, Carles"]
[Result "0-1"]
[WhiteElo "1940"]
[BlackElo "2090"]
[PlyCount "134"]
[EventDate "2016.10.01"]
[EventType "swiss"]
[EventRounds "7"]
[EventCountry "ESP"]
[SourceTitle "EXT 2024"]
[Source "ChessBase"]
[SourceDate "2023.10.10"]
[SourceVersion "1"]
[SourceVersionDate "2023.10.10"]
[SourceQuality "1"]

1. d4 Nf6 2. c4 g6 3. Nc3 Bg7 4. e4 d6 5. h3 0-0 6. Be3 c5 7. d5 Qa5 8. Bd2 a6 9. Be2 e5 10. g4 Qc7 11. g5 Ne8 12. h4 f5 13. h5 Qf7 14. hxg6 hxg6 15. Qc2 b5 16. 0-0-0 bxc4 17. Bxc4 f4 18. Nf3 Nc7 19. Rdg1 Nb5 20. Qd3 Nd7 21. Qf1 Nb6 22. Bd3 Bd7 23. Qg2 Rfb8 24. Qh2 Nxc3 25. Bxc3 Na4 26. Qh7+ Kf8 27. Nh4 Be8 28. Nf5 gxf5 29. exf5 Nxc3 30. bxc3 Qb7 31. f6 Qb2+ 32. Kd1 Ba4+ 33. Ke1 Qc1+ 34. Ke2 f3+ 35. Kxf3 Qf4+ 36. Kg2 Qxg5+ 37. Kf1 Qc1+ 38. Kg2 Qg5+ 39. Kf1 Qxf6 40. Rg6 Qe7 41. Qh8+ Bxh8 42. Rxh8+ Kf7 43. Rh7+ Kf8 44. Rh8+ Kf7 45. Rh7+ Ke8 46. Rg8+ Kd7 47. Bf5+ Kc7 48. Rxe7+ Kb6 49. Rgg7 Bb5+ 50. Ke1 Bc4 51. Be6 Bxa2 52. Rc7 Kb5 53. Rb7+ Kc4 54. Kd2 Rxb7 55. Rxb7 Rf8 56. Rb6 Rxf2+ 57. Ke1 Rh2 58. Rxd6 Kxc3 59. Rxa6 Kb4 60. Rb6+ Kc3 61. Ra6 e4 62. Ra4 e3 63. Ra3+ Kd4 64. Ra4+ Bc4 65. Rxc4+ Kxc4 66. d6+ Kb4 67. d7 Rd2 0-1

[Event "Valencia Region-ch"]
[Site "Valencia"]
[Date "2015.11.14"]
[Round "6.2"]
[White "Navarro Diaz, Carles"]
[Black "Nieves Cabanes, Jose Manuel"]
[Result "0-1"]
[WhiteElo "2089"]
[BlackElo "2191"]
[PlyCount "46"]
[EventDate "2015.10.03"]
[EventType "swiss"]
[EventRounds "7"]
[EventCountry "ESP"]
[SourceTitle "EXT 2024"]
[Source "ChessBase"]
[SourceDate "2023.10.10"]
[SourceVersion "1"]
[SourceVersionDate "2023.10.10"]
[SourceQuality "1"]

1. f4 d5 2. Nf3 c5 3. g3 g6 4. Bg2 Bg7 5. 0-0 Nh6 6. Nc3 0-0 7. h3 Nc6 8. g4 f5 9. g5 Nf7 10. d3 d4 11. Na4 Qd6 12. c4 Bd7 13. a3 Rae8 14. Rb1 b6 15. b4 cxb4 16. axb4 Nxb4 17. Ba3 a5 18. Nd2 e5 19. fxe5 Nxe5 20. Bxb4 axb4 21. Qb3 Nf7 22. Qxb4 Qg3 23. Nf3 Rxe2 0-1

[Event "Valencia Provincial-ch"]
[Site "Valencia"]
[Date "2014.10.24"]
[Round "4"]
[White "Lozano Gil, Jose Luis"]
[Black "Navarro Diaz, Carles"]
[Result "0-1"]
[WhiteElo "1950"]
[BlackElo "2103"]
[PlyCount "49"]
[EventDate "2014.09.27"]
[EventType "swiss"]
[EventRounds "7"]
[EventCountry "ESP"]
[SourceTitle "EXT 2016"]
[Source "ChessBase"]
[SourceDate "2015.10.08"]
[SourceVersion "1"]
[SourceVersionDate "2015.10.08"]
[SourceQuality "1"]

1. d4 Nf6 2. c4 e6 3. Nc3 Bb4 4. Qc2 b6 5. a3 Bxc3+ 6. Qxc3 Ne4 7. Qc2 Bb7 8. Bf4 f5 9. f3 Nf6 10. Nh3 0-0 11. Nf2 d5 12. e3 c5 13. dxc5 bxc5 14. Rd1 Qb6 15. Bd3 Nc6 16. 0-0 h6 17. h3 d4 18. e4 g5 19. Bd6 Rfd8 20. e5 Ne8 21. Bxf5 exf5 22. Qxf5 Ng7 23. Qg6 Nxe5 24. Qxh6 Rxd6 25. Qxg5 0-1

[Event "Quart de Poblet op 2nd"]
[Site "Quart de Poblet"]
[Date "2014.07.26"]
[Round "7"]
[White "Sanchez Saez, Francisco"]
[Black "Navarro Diaz, Carles"]
[Result "1-0"]
[WhiteElo "2312"]
[BlackElo "2082"]
[PlyCount "111"]
[EventDate "2014.07.19"]
[EventType "swiss"]
[EventRounds "7"]
[EventCountry "ESP"]
[SourceTitle "CBM 161 Extra"]
[Source "ChessBase"]
[SourceDate "2014.08.29"]
[SourceVersion "1"]
[SourceVersionDate "2014.08.29"]
[SourceQuality "1"]

1. c4 Nf6 2. g3 g6 3. Bg2 Bg7 4. Nc3 0-0 5. e4 d6 6. Nge2 c5 7. 0-0 Nc6 8. d3 Bd7 9. h3 Ne8 10. Be3 Nd4 11. Qd2 Bxh3 12. Bxd4 cxd4 13. Bxh3 dxc3 14. Nxc3 Qa5 15. d4 Qh5 16. Kg2 e6 17. b4 g5 18. f3 Qg6 19. g4 Nf6 20. Rae1 a6 21. Rh1 Rac8 22. Kg1 Nd7 23. Qd3 Rc7 24. Bf1 Rfc8 25. Qe3 Qf6 26. Rd1 b5 27. c5 dxc5 28. bxc5 Nxc5 29. e5 Qe7 30. dxc5 Qxc5 31. Qxc5 Rxc5 32. Ne4 Rxe5 33. Bd3 h6 34. Rh2 Rd5 35. Rhd2 Kf8 36. Bf1 Rxd2 37. Rxd2 f5 38. Ng3 Rc3 39. Rd3 fxg4 40. Rxc3 Bxc3 41. fxg4 Ke7 42. Kg2 Be5 43. Ne4 Kd7 44. Nc5+ Kc6 45. Nxe6 a5 46. Kf3 Kd5 47. Nd8 b4 48. Bb5 Kc5 49. Ba4 Bc3 50. Nf7 Bg7 51. Nd8 Bf6 52. Nc6 Kb6 53. Ke4 Bg7 54. Kf5 Bf8 55. Kg6 Ka6 56. Ne5 1-0

[Event "Quart de Poblet op 2nd"]
[Site "Quart de Poblet"]
[Date "2014.07.25"]
[Round "5"]
[White "Navarro Diaz, Carles"]
[Black "Martinez Escandell, Alfonso"]
[Result "1-0"]
[WhiteElo "2082"]
[BlackElo "1939"]
[PlyCount "87"]
[EventDate "2014.07.19"]
[EventType "swiss"]
[EventRounds "7"]
[EventCountry "ESP"]
[SourceTitle "CBM 161 Extra"]
[Source "ChessBase"]
[SourceDate "2014.08.29"]
[SourceVersion "1"]
[SourceVersionDate "2014.08.29"]
[SourceQuality "1"]

1. d4 Nf6 2. c4 c5 3. d5 b5 4. a4 bxc4 5. e3 Ba6 6. Na3 Qb6 7. Ne2 Qb3 8. Nc3 Qxd1+ 9. Kxd1 Ng4 10. Ne4 d6 11. Bxc4 Bxc4 12. Nxc4 Nd7 13. Ke2 g6 14. Bd2 Bg7 15. Bc3 0-0 16. Na5 Nb6 17. Rhd1 Rac8 18. Bxg7 Kxg7 19. Nc3 Ne5 20. b3 f5 21. f4 Ng4 22. Nc4 Nxh2 23. a5 Nxc4 24. bxc4 Rb8 25. Rdb1 Rb4 26. Rxb4 cxb4 27. Nb5 a6 28. Nc7 Rc8 29. Nxa6 Rxc4 30. Kd3 Rc3+ 31. Kd4 Rb3 32. Nc7 Ng4 33. a6 Nxe3 34. a7 Nc2+ 35. Kc4 Rc3+ 36. Kb5 Rxc7 37. a8Q Rc5+ 38. Kb6 Nxa1 39. Qxa1+ Kf7 40. Qh8 Rxd5 41. Kc6 e6 42. Kd7 Ra5 43. Qxh7+ Kf6 44. Qe7# 1-0

[Event "Quart de Poblet op 2nd"]
[Site "Quart de Poblet"]
[Date "2014.07.20"]
[Round "4"]
[White "Valmana Canto, Jaime"]
[Black "Navarro Diaz, Carles"]
[Result "1/2-1/2"]
[WhiteElo "2364"]
[BlackElo "2082"]
[PlyCount "110"]
[EventDate "2014.07.19"]
[EventType "swiss"]
[EventRounds "7"]
[EventCountry "ESP"]
[SourceTitle "CBM 161 Extra"]
[Source "ChessBase"]
[SourceDate "2014.08.29"]
[SourceVersion "1"]
[SourceVersionDate "2014.08.29"]
[SourceQuality "1"]

1. g3 Nf6 2. Bg2 g6 3. c4 Bg7 4. Nc3 0-0 5. d3 d6 6. e4 e5 7. Nge2 c6 8. 0-0 a6 9. h3 b5 10. Be3 Be6 11. b3 b4 12. Na4 c5 13. f4 Ne8 14. f5 Bd7 15. Nb2 Bc6 16. Qd2 Nd7 17. g4 Qb6 18. Ng3 Nc7 19. Bh6 a5 20. h4 f6 21. fxg6 hxg6 22. h5 g5 23. Bxg5 fxg5 24. Qxg5 Ne6 25. Qg6 Rxf1+ 26. Rxf1 Ndf8 27. Qf7+ Kh8 28. h6 Qb7 29. hxg7+ Nxg7 30. Qf6 Qd7 31. Nh5 Nh7 32. Qh6 Nxh5 33. Qxh5 Kg7 34. g5 Rf8 35. Qh6+ Kg8 36. Rxf8+ Nxf8 37. Nd1 Qe6 38. Qh4 Ng6 39. Qg3 Nf4 40. Bf1 a4 41. Ne3 axb3 42. axb3 Be8 43. Nd5 Nxd5 44. cxd5 Qg6 45. Bh3 Qh5 46. Bg4 Qg6 47. Qh4 Qh7 48. Be6+ Kg7 49. Qf2 Qg6 50. Qf5 Bb5 51. Qg4 Be8 52. Bd7 Qh5 53. Qf5 Qd1+ 54. Kf2 Qd2+ 55. Kg3 Qe3+ 1/2-1/2

[Event "Provincial-ch Valencia"]
[Site "Valencia"]
[Date "2013.10.05"]
[Round "1"]
[White "Navarro Diaz, Carles"]
[Black "Pedros Viudes, Santiago"]
[Result "1/2-1/2"]
[WhiteElo "2103"]
[BlackElo "1933"]
[PlyCount "120"]
[EventDate "2013.10.05"]
[EventType "swiss"]
[EventRounds "7"]
[EventCountry "ESP"]
[SourceTitle "EXT 2024"]
[Source "ChessBase"]
[SourceDate "2023.10.10"]
[SourceVersion "1"]
[SourceVersionDate "2023.10.10"]
[SourceQuality "1"]

1. d4 e6 2. Nf3 Nf6 3. Bf4 d5 4. e3 Bd6 5. Bg3 Bxg3 6. hxg3 c5 7. c3 Qb6 8. Qb3 Qxb3 9. axb3 cxd4 10. exd4 0-0 11. Bd3 Ne4 12. Bxe4 dxe4 13. Ng5 e5 14. d5 f5 15. Rxh7 Nd7 16. c4 f4 17. Nd2 Nc5 18. b4 Nd3+ 19. Ke2 Bg4+ 20. f3 exf3+ 21. gxf3 Bf5 22. Rh4 fxg3 23. Nde4 Nf4+ 24. Kf1 Ng6 25. Rh1 Bxe4 26. Nxe4 Rxf3+ 27. Kg2 Raf8 28. Ra3 R3f4 29. Re1 Nh4+ 30. Kxg3 Nf5+ 31. Kg2 Nh4+ 32. Kh3 Nf3 33. Ree3 R8f5 34. Kg3 Nh4 35. d6 Rf8 36. Re1 Nf5+ 37. Kh2 Nd4 38. Ng5 R8f5 39. d7 Nc6 40. Ne6 Rxc4 41. b5 Nd8 42. Nxd8 Rd4 43. Ne6 Rxd7 44. Re2 e4 45. Rb3 Kf7 46. Rxe4 Rdd5 47. Nc7 Rc5 48. Ne8 Rcd5 49. Rbe3 Rd7 50. Re6 Rf2+ 51. Kg3 Rxb2 52. Nd6+ Kg8 53. R3e4 Rb3+ 54. Kg4 Rd3 55. Nf5 R3d5 56. Re8+ Kf7 57. R4e7+ Rxe7 58. Rxe7+ Kf6 59. Rxb7 Rxf5 60. b6 a5 1/2-1/2

[Event "Quart de Poblet Sub2300 1st"]
[Site "Quart de Poblet"]
[Date "2013.07.27"]
[Round "5.9"]
[White "Garcia Martinez, Cesar Manuel"]
[Black "Navarro Diaz, Carles"]
[Result "0-1"]
[WhiteElo "1951"]
[BlackElo "2092"]
[PlyCount "68"]
[EventDate "2013.07.20"]
[EventType "swiss"]
[EventRounds "7"]
[EventCountry "ESP"]
[SourceTitle "EXT 2024"]
[Source "ChessBase"]
[SourceDate "2023.10.10"]
[SourceVersion "1"]
[SourceVersionDate "2023.10.10"]
[SourceQuality "1"]

1. e4 c5 2. Nf3 Nc6 3. d4 cxd4 4. Nxd4 Nf6 5. Nc3 g6 6. Be3 Bg7 7. f3 0-0 8. Bc4 Qb6 9. Bb3 Nxe4 10. Nd5 Qa5+ 11. c3 Nc5 12. Nxc6 dxc6 13. Nxe7+ Kh8 14. 0-0 Nxb3 15. axb3 Qe5 16. Re1 Qxe7 17. b4 Qc7 18. Bd4 Be6 19. Bxg7+ Kxg7 20. Qd4+ Kg8 21. Rxa7 Qd8 22. Qf2 Rxa7 23. Qxa7 Qd2 24. Qf2 Rd8 25. Re2 Qc1+ 26. Re1 Rd1 27. Rxd1 Qxd1+ 28. Qf1 Qxf1+ 29. Kxf1 Kg7 30. Ke2 Kf6 31. Ke3 Ke5 32. f4+ Kf5 33. h3 h5 34. g3 b5 0-1

[Event "Cullera op-A 29th"]
[Site "Cullera"]
[Date "2012.08.26"]
[Round "3"]
[White "Montalban Galvez, Antonio"]
[Black "Navarro Diaz, Carles"]
[Result "1/2-1/2"]
[WhiteElo "2204"]
[BlackElo "2117"]
[PlyCount "92"]
[EventDate "2012.08.25"]
[EventType "swiss"]
[EventRounds "9"]
[EventCountry "ESP"]
[SourceTitle "CBM 150 Extra"]
[Source "ChessBase"]
[SourceDate "2012.10.19"]
[SourceVersion "1"]
[SourceVersionDate "2012.10.19"]
[SourceQuality "1"]

1. Nf3 Nf6 2. c4 g6 3. g3 Bg7 4. Bg2 0-0 5. 0-0 d6 6. d4 c5 7. Nc3 Nc6 8. dxc5 dxc5 9. Bf4 Be6 10. Ne5 Nd4 11. e3 Nf5 12. Qe2 Nd6 13. Rfd1 Qc8 14. Rac1 Bh3 15. Bf3 h6 16. g4 Nh7 17. Nd5 Re8 18. Nd3 e5 19. Bg3 Ng5 20. Nxe5 Bxe5 21. Bxe5 Rxe5 22. Nf6+ Kg7 23. Rxd6 Re6 24. Rxe6 Qxe6 25. Nd5 Nxf3+ 26. Qxf3 Bxg4 27. Qg3 Qe4 28. f3 Bxf3 29. Rf1 Be2 30. Nc3 Qxc4 31. Qe5+ Kg8 32. Rf4 Qa6 33. Nd5 Qe6 34. Ne7+ Kh7 35. Qxe6 fxe6 36. Rf7+ Kh8 37. Nxg6+ Kg8 38. Rxb7 a5 39. Rc7 a4 40. Rxc5 a3 41. bxa3 Rxa3 42. Nf4 Rxe3 43. Kf2 Rf3+ 44. Kxe2 Rxf4 45. Rc2 Kf7 46. Ke3 Ra4 1/2-1/2

[Event "Almansa op 7th"]
[Site "Almansa"]
[Date "2012.08.09"]
[Round "5"]
[White "Navarro Diaz, Carles"]
[Black "Sanchez Jerez, Emilio Miguel"]
[Result "0-1"]
[WhiteElo "2117"]
[BlackElo "2226"]
[PlyCount "66"]
[EventDate "2012.08.07"]
[EventType "swiss"]
[EventRounds "9"]
[EventCountry "ESP"]
[SourceTitle "CBM 149 Extra"]
[Source "ChessBase"]
[SourceDate "2012.08.24"]
[SourceVersion "1"]
[SourceVersionDate "2012.08.24"]
[SourceQuality "1"]

1. Nf3 b5 2. g3 Bb7 3. Bg2 Nf6 4. 0-0 g6 5. c4 bxc4 6. Na3 d5 7. b3 cxb3 8. Qxb3 Bc8 9. Ne5 Bg7 10. Qb5+ Nfd7 11. Qxd5 Bxe5 12. Qxa8 Bxa1 13. d4 Bxd4 14. Bh6 Ba6 15. Qd5 Bc5 16. Nc4 e6 17. Qe4 Qf6 18. Ne3 g5 19. Ng4 Qg6 20. Qa4 Ke7 21. h4 gxh4 22. gxh4 Bxe2 23. Bg5+ f6 24. Nxf6 Nxf6 25. Re1 Qd3 26. Bxf6+ Kxf6 27. Qf4+ Qf5 28. Qh6+ Kf7 29. Rxe2 Rg8 30. Kf1 Nd7 31. Be4 Qh3+ 32. Ke1 Rg1+ 33. Kd2 Bb4+ 0-1

[Event "Almansa op 7th"]
[Site "Almansa"]
[Date "2012.08.07"]
[Round "1"]
[White "Navarro Diaz, Carles"]
[Black "Montoliu Cervero, Francisco"]
[Result "0-1"]
[WhiteElo "2117"]
[BlackElo "2270"]
[PlyCount "82"]
[EventDate "2012.08.07"]
[EventType "swiss"]
[EventRounds "9"]
[EventCountry "ESP"]
[SourceTitle "CBM 149 Extra"]
[Source "ChessBase"]
[SourceDate "2012.08.24"]
[SourceVersion "1"]
[SourceVersionDate "2012.08.24"]
[SourceQuality "1"]

1. Nf3 d5 2. g3 Nf6 3. Bg2 c5 4. c4 dxc4 5. Na3 Nc6 6. Qa4 Bd7 7. Qxc4 e6 8. 0-0 a6 9. d3 b5 10. Qc2 Rc8 11. Bf4 Nd5 12. e4 Ndb4 13. Qd2 f6 14. e5 fxe5 15. Bxe5 Nxe5 16. Nxe5 Bd6 17. Nxd7 Qxd7 18. Bh3 0-0 19. d4 Nd5 20. Rae1 Rce8 21. Nc2 c4 22. Qa5 Qc8 23. a4 Bc7 24. Qd2 Re7 25. axb5 axb5 26. Qg5 Qd7 27. Ne3 h6 28. Bxe6+ Rxe6 29. Qxd5 Rd8 30. Qc5 Bb6 31. Qb4 Bxd4 32. Rd1 Rd6 33. Rde1 Kh8 34. Nc2 Bf6 35. Na3 Rd5 36. Re4 Qf5 37. Rfe1 Kh7 38. R1e2 Rd1+ 39. Kg2 R8d5 40. h4 R5d3 41. Qxb5 Qf3+ 0-1

[Event "Manises Provincial-ch"]
[Site "Manises"]
[Date "2011.10.22"]
[Round "3"]
[White "Navarro Diaz, Carles"]
[Black "Nieves Cabanes, Javier"]
[Result "1/2-1/2"]
[WhiteElo "2100"]
[BlackElo "1925"]
[PlyCount "155"]
[EventDate "2011.10.01"]
[EventType "swiss"]
[EventRounds "7"]
[EventCountry "ESP"]
[SourceTitle "EXT 2013"]
[Source "ChessBase"]
[SourceDate "2012.11.22"]
[SourceVersion "1"]
[SourceVersionDate "2012.11.22"]
[SourceQuality "1"]

1. d4 d5 2. c4 c6 3. Nf3 Nf6 4. Nc3 e6 5. Bg5 Be7 6. Qc2 0-0 7. 0-0-0 b5 8. c5 b4 9. Na4 Ne4 10. Bxe7 Qxe7 11. e3 Na6 12. Ne5 b3 13. axb3 Nb4 14. Qe2 f6 15. Nf3 e5 16. Qe1 Rb8 17. Nc3 Qc7 18. Nd2 Qa5 19. Ndxe4 Qa1+ 20. Nb1 Na2+ 21. Kc2 Bf5 22. Na3 Bxe4+ 23. Bd3 Bxd3+ 24. Rxd3 Qxe1 25. Rxe1 Nb4+ 26. Kc3 Nxd3 27. Kxd3 Rxb3+ 28. Kc2 Rfb8 29. Rb1 exd4 30. exd4 Kf7 31. Kc1 Rd3 32. Nc2 Re8 33. Ra1 Re7 34. Ra6 Rc7 35. Ra4 Rb3 36. Nb4 a5 37. Nc2 Rb5 38. Kd2 Rxb2 39. Rxa5 Rbb7 40. Ra6 Ke6 41. g3 g5 42. Kc3 Rb1 43. Nb4 Kd7 44. Rb6 Re1 45. Na6 Rc8 46. Nb8+ Ke8 47. Nxc6 Re6 48. Na7 Rxb6 49. Nxc8 Re6 50. Nb6 Re2 51. Nxd5 Rxf2 52. Kc4 f5 53. Nf6+ Ke7 54. Nxh7 Rxh2 55. Nxg5 Rg2 56. d5 Rxg3 57. d6+ Kd7 58. Nh7 Kc6 59. Nf6 Rg6 60. d7 Kc7 61. Nh5 Kxd7 62. Kd5 Rg1 63. Ke5 Kc6 64. Kxf5 Kxc5 65. Nf4 Kd6 66. Nd3 Rd1 67. Nf4 Re1 68. Nd3 Re8 69. Nf4 Re5+ 70. Kf6 Ra5 71. Ne6 Kd5 72. Nc7+ Ke4 73. Ke6 Rc5 74. Kd6 Rh5 75. Kc6 Kd4 76. Nb5+ Kc4 77. Nd6+ Kb4 78. Nb7 1/2-1/2

[Event "Mislata op-B 45th"]
[Site "Mislata"]
[Date "2011.08.15"]
[Round "1"]
[White "Nieves Cabanes, Javier"]
[Black "Navarro Diaz, Carles"]
[Result "0-1"]
[WhiteElo "1910"]
[BlackElo "2089"]
[PlyCount "118"]
[EventDate "2011.08.15"]
[EventType "swiss"]
[EventRounds "9"]
[EventCountry "ESP"]
[SourceTitle "EXT 2014"]
[Source "ChessBase"]
[SourceDate "2013.11.20"]
[SourceVersion "1"]
[SourceVersionDate "2013.11.20"]
[SourceQuality "1"]

1. d4 Nf6 2. c4 g6 3. Nc3 Bg7 4. e4 d6 5. Nf3 0-0 6. Be2 e5 7. 0-0 Na6 8. Bg5 h6 9. Bh4 Qe8 10. dxe5 dxe5 11. Bxf6 Bxf6 12. Nd5 Bg7 13. c5 Qd7 14. Rc1 c6 15. Bxa6 bxa6 16. Ne3 Qc7 17. Qa4 Rb8 18. b3 Rb5 19. Qa3 f5 20. Qb2 Qe7 21. Qc3 f4 22. a4 Rb7 23. Nc4 Qxc5 24. Ncxe5 Qxc3 25. Rxc3 Re8 26. Rc5 g5 27. Nxc6 Rxe4 28. Na5 Rb8 29. Rfc1 Bg4 30. Nd2 Re2 31. Rd5 Be6 32. Rd3 Bb2 33. Rf1 Ba3 34. Nc6 Rc8 35. Nd4 Re5 36. N2f3 Rd5 37. Rfd1 Rcd8 38. Ne1 Bg4 39. f3 Bh5 40. Kf1 Bg6 41. R3d2 Bb4 42. Nc6 Rxd2 43. Rxd2 Rxd2 44. Nxb4 Bf7 45. Nxa6 Bxb3 46. Nc5 Bc4+ 47. Kg1 Ra2 48. h4 gxh4 49. Kh2 Be2 50. Ne6 Rxa4 51. Nc2 Rc4 52. Ncd4 Bd3 53. Kh3 a5 54. Kxh4 a4 55. Kh5 a3 56. Kxh6 a2 57. Nb3 Rc6 58. Kg5 Rxe6 59. Kxf4 Rb6 0-1

[Event "Valencia Autonomico"]
[Site "Cheste"]
[Date "2010.10.09"]
[Round "4"]
[White "Alcaraz Ortega, Javier"]
[Black "Navarro Diaz, Carles"]
[Result "1-0"]
[WhiteElo "2229"]
[BlackElo "2074"]
[PlyCount "45"]
[EventDate "2010.10.07"]
[EventType "swiss"]
[EventRounds "7"]
[EventCountry "ESP"]
[SourceTitle "EXT 2024"]
[Source "ChessBase"]
[SourceDate "2023.10.10"]
[SourceVersion "1"]
[SourceVersionDate "2023.10.10"]
[SourceQuality "1"]

1. Nf3 Nf6 2. c4 g6 3. d4 Bg7 4. Nc3 0-0 5. e4 d6 6. Be2 e5 7. 0-0 Nc6 8. d5 Ne7 9. b4 a5 10. Ba3 Nh5 11. bxa5 Nf4 12. c5 f5 13. Nd2 g5 14. cxd6 cxd6 15. Nc4 Rf6 16. Nb5 Rh6 17. Bxd6 fxe4 18. Nb6 Rxd6 19. Nxd6 Rxa5 20. Nbxc8 Nexd5 21. Nxb7 Qxc8 22. Nxa5 Nc3 23. Bg4 1-0

[Event "Valencia Autonomico-ch U18"]
[Site "Valencia"]
[Date "2010.04.09"]
[Round "6"]
[White "Navarro Diaz, Carles"]
[Black "Nicolas Zapata, Javier"]
[Result "1-0"]
[WhiteElo "2038"]
[BlackElo "1932"]
[PlyCount "91"]
[EventDate "2010.04.07"]
[EventType "swiss"]
[EventRounds "7"]
[EventCountry "ESP"]
[SourceTitle "EXT 2024"]
[Source "ChessBase"]
[SourceDate "2023.10.10"]
[SourceVersion "1"]
[SourceVersionDate "2023.10.10"]
[SourceQuality "1"]

1. d4 Nf6 2. c4 g6 3. Nc3 Bg7 4. e4 d6 5. Nf3 0-0 6. Be2 Bg4 7. 0-0 Nfd7 8. Be3 Nc6 9. Ne1 Bxe2 10. Nxe2 Re8 11. Rc1 e5 12. d5 Nd4 13. f3 f5 14. Bxd4 exd4 15. Nxd4 Qe7 16. Ne6 fxe4 17. Nxc7 e3 18. Qe2 Qh4 19. Nxa8 Rxa8 20. g3 Qe7 21. Nc2 Nc5 22. Rb1 Na4 23. f4 Bxb2 24. Qxe3 Qxe3+ 25. Nxe3 Bd4 26. Kf2 Nc3 27. Rb3 Ne4+ 28. Ke2 Re8 29. Rf3 Bc3 30. g4 b6 31. Ra3 a5 32. Rb3 a4 33. Rxb6 Nd2 34. Rxd6 Nxf3 35. Kxf3 Bb4 36. Ra6 a3 37. Nc2 Bd2 38. Rxa3 Rf8 39. Ne3 Bc1 40. Rc3 Bb2 41. Rd3 Be5 42. f5 Bxh2 43. d6 Kf7 44. c5 Rd8 45. Ke4 Kf6 46. Nd5+ 1-0

[Event "Valencia Autonomico-ch U18"]
[Site "Valencia"]
[Date "2010.04.08"]
[Round "4"]
[White "Navarro Diaz, Carles"]
[Black "Nieves Cabanes, Javier"]
[Result "1-0"]
[WhiteElo "2038"]
[BlackElo "1721"]
[PlyCount "57"]
[EventDate "2010.04.07"]
[EventType "swiss"]
[EventRounds "7"]
[EventCountry "ESP"]
[SourceTitle "EXT 2024"]
[Source "ChessBase"]
[SourceDate "2023.10.10"]
[SourceVersion "1"]
[SourceVersionDate "2023.10.10"]
[SourceQuality "1"]

1. d4 Nf6 2. c4 g6 3. Nc3 Bg7 4. e4 d6 5. Nf3 0-0 6. Be2 e5 7. dxe5 dxe5 8. Qxd8 Rxd8 9. Bg5 Nbd7 10. 0-0-0 Re8 11. Nb5 Nxe4 12. Nxc7 Nxf2 13. Nxe8 Nxd1 14. Rxd1 e4 15. Nd4 Be5 16. Nb5 f6 17. Bh6 Nc5 18. Rd8 Ne6 19. Rd1 g5 20. Bh5 e3 21. Ned6 Nf4 22. Nc7 Rb8 23. Bf7+ Kh8 24. Nce8 f5 25. Rd5 Nxd5 26. Bxd5 Bd4 27. Nf7+ Kg8 28. Ne5+ Kh8 29. Bg7# 1-0

[Event "ESP-ch U18"]
[Site "Granada"]
[Date "2009.07.23"]
[Round "6"]
[White "Navarro Diaz, Carles"]
[Black "Diaz Herrero, Alvaro"]
[Result "0-1"]
[WhiteElo "2047"]
[BlackElo "2187"]
[PlyCount "86"]
[EventDate "2009.07.20"]
[EventType "swiss"]
[EventRounds "9"]
[EventCountry "ESP"]
[SourceTitle "CBM 131 Extra"]
[Source "ChessBase"]
[SourceDate "2009.09.03"]
[SourceVersion "2"]
[SourceVersionDate "2009.09.16"]
[SourceQuality "1"]

1. d4 Nf6 2. c4 e6 3. Nc3 Bb4 4. e3 0-0 5. Bd3 c5 6. Nf3 d6 7. 0-0 Bxc3 8. bxc3 Nc6 9. e4 e5 10. d5 Ne7 11. Nh4 h6 12. g3 Ng6 13. Ng2 Nh7 14. Qc2 Bh3 15. f3 Qd7 16. Rf2 f5 17. Bd2 f4 18. Ne1 Qf7 19. Bf1 Ng5 20. Bg2 h5 21. Kh1 Bd7 22. Nd3 Qf6 23. gxf4 Nxf4 24. Bxf4 exf4 25. Re1 Rae8 26. Qd2 h4 27. e5 dxe5 28. Nxc5 Bf5 29. Ne4 Bxe4 30. fxe4 f3 31. Bf1 Qg6 32. d6 Kh8 33. Qd5 Rf4 34. d7 Rd8 35. Qxe5 Nxe4 36. Rxe4 Rxe4 37. Qc7 Qb6 38. Qc8 Qxf2 39. Qxd8+ Kh7 40. Qh8+ Kxh8 41. d8Q+ Kh7 42. Qd3 g6 43. h3 Re1 0-1

[Event "Valencia Autonomico Norte-A"]
[Site "Valencia"]
[Date "2009.02.07"]
[Round "5.3"]
[White "Rubio Tent, Francisco"]
[Black "Navarro Diaz, Carles"]
[Result "0-1"]
[WhiteElo "1904"]
[BlackElo "2077"]
[PlyCount "48"]
[EventDate "2009.01.10"]
[EventType "team-tourn"]
[EventRounds "5"]
[EventCountry "ESP"]
[SourceTitle "EXT 2011"]
[Source "ChessBase"]
[SourceDate "2010.11.26"]
[SourceVersion "1"]
[SourceVersionDate "2010.11.26"]
[SourceQuality "1"]

1. e4 d5 2. exd5 Nf6 3. d4 Nxd5 4. Nf3 g6 5. c4 Nb6 6. Nc3 Bg7 7. Be3 0-0 8. Be2 Nc6 9. h3 e5 10. dxe5 Nxe5 11. Nxe5 Bxe5 12. c5 Bxc3+ 13. bxc3 Nd5 14. Bd4 Nf4 15. Kf1 h5 16. Bf3 Be6 17. Qd2 Bc4+ 18. Kg1 Ne6 19. Bxb7 Rb8 20. c6 Qd6 21. Be3 Qe5 22. Bxa7 Nf4 23. Re1 Qg5 24. g3 Nxh3+ 0-1